000 00545nam a2200217Ia 4500
003 OSt
005 20220926044645.0
006 a|||||r|||| 00| 0
007 ta
008 220923b |||||||| |||| 00| 0 eng d
037 _cGeneral Book
040 _aRTL
_cRTL
_beng
041 _2eng
_aeng
082 _aV2.N10, E0/GD
110 _aIndia, Foreign (Deptt-)
_9349299
245 0 _aReport
260 _c1910
700 _aIndia, Foreign (Deptt-)
_9349300
942 _hV2.N10, E0/GD
_cGB
_2CC
999 _c675471
_d675471